Salomón, el rey sabio

Gespeichert in:
Bibliographische Detailangaben
1. Verfasser: Cohen, Laurent (VerfasserIn)
Format: Buch
Sprache:Spanisch
Veröffentlicht: Barcelona Edhasa 2000
Ausgabe:1a. ed
Schriftenreihe:Ensayo Histórico
Schlagworte:
Tags: Tag hinzufügen
Keine Tags, Fügen Sie den ersten Tag hinzu!

MARC

LEADER 00000nam a2200000 a 4500
001 UCK9783
003 CL-VaPUC
008 060531e20000000SP |||||||||||||||||spa|d
020 |a 8435026116 
082 0 4 |a 223.9  |b COH  |2 21 
100 0 |a Cohen, Laurent  |e author  |9 499700 
245 1 0 |a Salomón, el rey sabio 
250 |a 1a. ed 
300 |a 190 p 
942 |c BK 
945 |d 20060531 00:00:00  |a jtorresc 
260 |a Barcelona  |b Edhasa  |c 2000 
600 0 7 |a SALOMON  |2 CL-VaPUC  |9 369405 
650 0 |a Proverbios   |9 269154 
583 |a last modification  |c 20060531 00:00:00  |k Rodrigo Vera 
490 0 |a Ensayo Histórico 
999 |c 316845  |d 316843 
952 |0 0  |1 0  |4 0  |6 223_900000000000000_COH_2000  |7 0  |8 A  |9 392342  |a BIBHIS  |b BIBHIS  |d 2019-11-22  |i 4237722  |o 223.9 COH 2000  |p 4237722  |r 2025-01-20  |w 2019-11-22  |y BK  |k HIS